[Event "VIE-ch U13"]
[Site "Ho Chi Minh City"]
[Date "2022.07.11"]
[Round "1"]
[White "Nguyen, Anh Huy"]
[Black "Nguyen, Nghia Gia An"]
[Result "1/2-1/2"]
[WhiteElo "2312"]
[BlackElo "2331"]
[PlyCount "119"]
[EventDate "2022.07.11"]
[EventType "swiss"]
[EventRounds "9"]
[EventCountry "VIE"]
[SourceTitle "EXT 2023"]
[Source "ChessBase"]
[SourceDate "2022.10.05"]
[SourceVersion "1"]
[SourceVersionDate "2022.10.05"]
[SourceQuality "1"]

1. d4 Nf6 2. c4 e6 3. Nf3 b6 4. g3 Bb7 5. Bg2 Be7 6. Nc3 0-0 7. 0-0 Ne4 8. Qc2 Nxc3 9. bxc3 f5 10. Nh4 Bxg2 11. Nxg2 g6 12. Rd1 Bf6 13. e4 Qe7 14. e5 Bg7 15. f4 Nc6 16. Qe2 Rad8 17. Ne3 h6 18. Nc2 Rfe8 19. Be3 d6 20. c5 d5 21. cxb6 cxb6 22. c4 Na5 23. cxd5 Rxd5 24. Bd2 Nc6 25. Be3 Red8 26. Rac1 Qd7 27. Rd3 Bf8 28. Rc3 b5 29. Rb1 Na5 30. Bf2 a6 31. Rd3 Nc4 32. Rc3 Re8 33. a4 Qd8 34. axb5 axb5 35. Rcb3 Qd7 36. Rd1 Ra8 37. Ne1 Ra3 38. Rdb1 Qa7 39. Nd3 Ra2 40. Qe1 Qd7 41. Ra1 Ra3 42. Raxa3 Bxa3 43. Nb4 Bxb4 44. Qxb4 Qa7 45. Rb1 Kf7 46. Qc3 Qa3 47. Rb3 Qa2 48. Qd3 Qa1+ 49. Rb1 Qa2 50. Qd1 Qa4 51. Qc1 Qa3 52. Qe1 Qa5 53. Qd1 Qa4 54. Qc1 Qa3 55. Qe1 Qa5 56. Qd1 Nb6 57. Qc2 Nc4 58. Qd1 Qd2 59. Qb3 Qa5 60. Qd1 1/2-1/2

[Event "VIE-ch U13"]
[Site "Hanoi"]
[Date "2022.06.13"]
[Round "3"]
[White "Nguyen, Nghia Gia An"]
[Black "Phan, Tran Bao Khang"]
[Result "0-1"]
[WhiteElo "2382"]
[BlackElo "2356"]
[PlyCount "32"]
[EventDate "2022.06.11"]
[EventType "swiss"]
[EventRounds "9"]
[EventCountry "VIE"]
[SourceTitle "EXT 2023"]
[Source "ChessBase"]
[SourceDate "2022.10.05"]
[SourceVersion "1"]
[SourceVersionDate "2022.10.05"]
[SourceQuality "1"]

1. e4 c5 2. c3 d5 3. exd5 Qxd5 4. d4 Nf6 5. Nf3 Nc6 6. Na3 Bf5 7. Be3 cxd4 8. Nxd4 Nxd4 9. Qxd4 Qxd4 10. Bxd4 a6 11. 0-0-0 e6 12. Nc4 Be7 13. Be2 0-0 14. Bf3 Ne4 15. Rhf1 Rac8 16. Nd2 Nxc3 0-1

[Event "Eastern Asia-ch U12"]
[Site "Tornelo INT"]
[Date "2021.10.29"]
[Round "2"]
[White "Nguyen, Nghia Gia An"]
[Black "Samarth, Razdan"]
[Result "1/2-1/2"]
[WhiteElo "1566"]
[BlackElo "1240"]
[PlyCount "113"]
[EventDate "2021.10.29"]
[EventType "swiss"]
[EventRounds "9"]
[EventCountry "NET"]
[SourceTitle "EXT 2023"]
[Source "ChessBase"]
[SourceDate "2022.10.05"]
[SourceVersion "1"]
[SourceVersionDate "2022.10.05"]
[SourceQuality "1"]

1. e4 c5 2. c3 d5 3. exd5 Qxd5 4. d4 e6 5. Nf3 Nf6 6. Be3 cxd4 7. cxd4 Nc6 8. Nc3 Qd8 9. Bd3 Be7 10. 0-0 0-0 11. Rc1 Nd5 12. Bb1 Nxe3 13. fxe3 Bf6 14. Qe2 g6 15. Rfd1 Bg7 16. Qf2 Ne7 17. e4 Bd7 18. Rd3 f5 19. exf5 Nxf5 20. Qe2 Nh4 21. Ne5 Bxe5 22. dxe5 Qb6+ 23. Qe3 Bc6 24. Qxb6 axb6 25. Rd2 Rac8 26. Rcd1 Nf5 27. a3 Ne3 28. Re1 Nd5 29. Ba2 Nc7 30. h3 Rcd8 31. Rd6 Rfe8 32. Red1 Rxd6 33. exd6 Nd5 34. Nxd5 exd5 35. Bxd5+ Bxd5 36. Rxd5 Rd8 37. d7 Kf7 38. Rb5 Rxd7 39. Rxb6 Kg7 40. a4 Kf7 41. b4 Ke7 42. a5 Kd8 43. Kf2 Kc7 44. Ke3 Re7+ 45. Kf4 Rd7 46. Kg5 Rd3 47. Kg4 h5+ 48. Kh4 Rd2 49. g4 hxg4 50. hxg4 Rd4 51. Kg5 Rc4 52. Kh4 Rd4 53. Kg5 Rc4 54. Rb5 Rd4 55. Rc5+ Kd7 56. Rb5 Kc7 57. Rb6 1/2-1/2

[Event "VIE-ch U09"]
[Site "Hai Phong"]
[Date "2018.07.09"]
[Round "4"]
[White "Huynh, Le Minh Hoang"]
[Black "Nguyen, Nghia Gia An"]
[Result "1/2-1/2"]
[WhiteElo "1948"]
[BlackElo "1955"]
[PlyCount "65"]
[EventDate "2018.07.07"]
[EventType "swiss"]
[EventRounds "9"]
[EventCountry "VIE"]
[SourceTitle "EXT 2019"]
[Source "ChessBase"]
[SourceDate "2018.10.10"]
[SourceVersion "1"]
[SourceVersionDate "2018.10.10"]
[SourceQuality "1"]

1. e4 c6 2. d4 d5 3. e5 Bf5 4. Nd2 e6 5. Nb3 Nd7 6. Nf3 Ne7 7. Bd3 Bxd3 8. Qxd3 Qc7 9. c3 c5 10. Qd1 c4 11. Nbd2 Rb8 12. Nf1 Nc6 13. Ng3 Be7 14. 0-0 0-0 15. Qc2 h6 16. Ne1 b5 17. Qe2 b4 18. Qg4 Kh7 19. Nh5 Rg8 20. f4 g6 21. Ng3 Bf8 22. h4 Qb6 23. Nf3 Ne7 24. Kf2 Nf5 25. Nxf5 exf5 26. Qh3 h5 27. Ng5+ Kg7 28. Qe3 Be7 29. Bd2 Bxg5 30. fxg5 a5 31. Rab1 Qa7 32. Qe1 Rbe8 33. Bf4 1/2-1/2

[Event "VIE-ch U09"]
[Site "Hai Phong"]
[Date "2018.07.07"]
[Round "1"]
[White "Nguyen, Nghia Gia An"]
[Black "Pham, Dac Quang Anh"]
[Result "1/2-1/2"]
[WhiteElo "1955"]
[BlackElo "1929"]
[PlyCount "91"]
[EventDate "2018.07.07"]
[EventType "swiss"]
[EventRounds "9"]
[EventCountry "VIE"]
[SourceTitle "EXT 2019"]
[Source "ChessBase"]
[SourceDate "2018.10.10"]
[SourceVersion "1"]
[SourceVersionDate "2018.10.10"]
[SourceQuality "1"]

1. e4 e5 2. Nf3 d6 3. h3 Nd7 4. Bc4 Be7 5. d3 c6 6. 0-0 Ngf6 7. Nc3 0-0 8. Be3 Qc7 9. Qe2 b5 10. Bb3 Nb6 11. a3 Bb7 12. Rad1 a6 13. Nh4 Nxe4 14. Nxe4 Bxh4 15. Qg4 d5 16. Bc5 Be7 17. Bxb6 Qxb6 18. Ng3 Bc8 19. Qf3 Be6 20. Rfe1 Qc7 21. Qe3 Bd6 22. Qe2 Rae8 23. Nf1 d4 24. Bxe6 Rxe6 25. Nd2 f5 26. Qf3 c5 27. Re2 Ref6 28. Rde1 Rc8 29. Qd5+ Qf7 30. Qxf7+ Kxf7 31. Nf3 g6 32. Nxe5+ Bxe5 33. Rxe5 Rc7 34. f4 Rd6 35. Kf2 c4 36. R5e2 cxd3 37. cxd3 Rdc6 38. Kf3 Rc2 39. Rxc2 Rxc2 40. Re2 Rxe2 41. Kxe2 Ke6 42. b4 h6 43. h4 Kf6 44. g3 g5 45. fxg5+ hxg5 46. Kf3 1/2-1/2